[Event "59th World Juniors 2022"]
[Site "Cala Gonone ITA"]
[Date "2022.10.20"]
[Round "9.44"]
[White "Flores Quillas, Diego Saul Rodri"]
[Black "Winkelman, Albert"]
[Result "1-0"]
[WhiteTitle "FM"]
[BlackTitle "FM"]
[WhiteElo "2291"]
[BlackElo "2229"]
[WhiteFideId "3822508"]
[BlackFideId "3219941"]
[EventDate "2022.10.12"]

1. e4 e5 2. Nf3 Nc6 3. Bb5 a6 4. Ba4 Nf6 5. O-O Be7 6. Re1 b5 7. Bb3 O-O 8. h3
d6 9. c3 Nb8 10. d4 Nbd7 11. Nbd2 Bb7 12. Bc2 c5 13. d5 c4 14. Nf1 Qc7 15. Ng3
Rfb8 16. Nf5 Bd8 17. g4 Bc8 18. g5 Ne8 19. Nh2 Nc5 20. Ng4 b4 21. f4 bxc3 22.
bxc3 Qa5 23. Qf3 Bxf5 24. exf5 Nd3 25. Bxd3 Qxc3 26. Be3 cxd3 27. fxe5 d2 28.
Rf1 dxe5 29. f6 g6 30. Ba7 Rc8 31. Be3 Rab8 32. Rad1 Bb6 33. Bxb6 Rxb6 34. Qxc3
Rxc3 35. Rxd2 Rxh3 36. Rc1 Rb8 37. d6 Nxd6 38. Nh6+ Rxh6 39. gxh6 Ne8 40. Rdc2
Kf8 41. Rc8 Rb7 42. R1c5 Rb6 43. Rxe5 Re6 44. Rxe6 fxe6 45. Ra8 a5 46. a4 1-0

[Event "59th World Juniors 2022"]
[Site "Cala Gonone ITA"]
[Date "2022.10.20"]
[Round "9.45"]
[White "Cotic, Borna"]
[Black "Vagman, Roy"]
[Result "0-1"]
[BlackTitle "FM"]
[WhiteElo "2133"]
[BlackElo "2274"]
[WhiteFideId "14542307"]
[BlackFideId "2828995"]
[EventDate "2022.10.12"]

1. e4 c5 2. Nf3 e6 3. c4 Nc6 4. d4 cxd4 5. Nxd4 Qa5+ 6. Nc3 Bb4 7. Nxc6 Bxc3+ 8.
bxc3 dxc6 9. Qc2 Nf6 10. Bd3 O-O 11. O-O e5 12. Be3 c5 13. Rab1 Qc7 14. a4 b6
15. a5 Bb7 16. f3 Rab8 17. Ra1 Bc6 18. axb6 axb6 19. Ra3 Ne8 20. Qa2 Nd6 21. Ra7
Qd8 22. Rd1 Qf6 23. Qf2 Qe6 24. Qg3 Ra8 25. Rda1 Rxa7 26. Rxa7 Nc8 27. Ra1 Rd8
28. Be2 Nd6 29. h4 Kh8 30. h5 h6 31. Ra7 Rd7 32. Ra1 Re7 33. Rb1 Rb7 34. Kh2 Qe8
35. Rd1 Rd7 36. Rb1 Rb7 37. Rd1 Qe7 38. Ra1 Rb8 39. Qg4 Bd7 40. Ra7 Bxg4 41.
Rxe7 Be6 42. Bf2 Kg8 43. Bg3 Kf8 44. Ra7 f6 45. Ra4 Bf7 46. Bf2 Bxh5 47. g4 Be8
48. Ra6 Bf7 49. Ra4 h5 50. Kg3 hxg4 51. Kxg4 Be6+ 52. Kg3 Kf7 53. Kg2 Rb7 54.
Bg3 Rc7 55. Ra6 Rc6 56. Ra7+ Kg6 57. f4 Bxc4 58. f5+ Kh6 59. Bg4 Bd3 60. Ra8
Bxe4+ 0-1

[Event "59th World Juniors 2022"]
[Site "Cala Gonone ITA"]
[Date "2022.10.20"]
[Round "9.46"]
[White "Ballesteros Cardenas, Leonardo"]
[Black "Ramoutar, Alan-Safar"]
[Result "1/2-1/2"]
[WhiteTitle "CM"]
[BlackTitle "IM"]
[WhiteElo "2121"]
[BlackElo "2449"]
[WhiteFideId "3428141"]
[BlackFideId "7704224"]
[EventDate "2022.10.12"]

1. d4 b5 2. e4 a6 3. Bd3 Bb7 4. Nf3 e6 5. Bg5 Be7 6. Bxe7 Nxe7 7. a4 bxa4 8. Nc3
d6 9. O-O Nd7 10. Qe2 O-O 11. Rxa4 Ng6 12. Qe3 c5 13. Rfa1 cxd4 14. Qxd4 Nc5 15.
R4a3 Nf4 16. Bf1 e5 17. Qe3 Qb6 18. b3 f5 19. Bc4+ Kh8 20. Nd2 fxe4 21. Ndxe4
Qc6 22. f3 Nce6 23. Bxe6 Nxe6 24. Ra5 Nd4 25. Qd3 Rad8 26. Kh1 Qe8 27. Ne2 Nf5
28. c4 Qg6 29. Rd1 Qh6 30. N2g3 Nd4 31. Ne2 Bxe4 32. fxe4 Nc6 33. Raa1 Qh5 34.
Ng3 Qg5 35. Rf1 Rxf1+ 36. Rxf1 g6 37. Qd5 Nd4 38. b4 h5 39. Rf7 Qh6 40. Qb7 Rf8
41. h4 Rxf7 42. Qxf7 Qf4 43. Qxg6 Qxh4+ 44. Kg1 Ne2+ 45. Nxe2 Qe1+ 46. Kh2 Qh4+
47. Kg1 Qe1+ 48. Kh2 Qh4+ 49. Kg1 Qe1+ 50. Kh2 1/2-1/2

[Event "59th World Juniors 2022"]
[Site "Cala Gonone ITA"]
[Date "2022.10.20"]
[Round "9.47"]
[White "Djurovic, Peko"]
[Black "Kanyamarala, Tarun"]
[Result "0-1"]
[BlackTitle "IM"]
[WhiteElo "2084"]
[BlackElo "2407"]
[WhiteFideId "16503902"]
[BlackFideId "45004714"]
[EventDate "2022.10.12"]

1. e4 c5 2. Nf3 e6 3. d4 cxd4 4. Nxd4 a6 5. Nc3 b5 6. a3 Bb7 7. Bd3 Nc6 8. Nxc6
Bxc6 9. O-O Qb8 10. f4 Bc5+ 11. Kh1 Ne7 12. Qg4 Qb7 13. Bd2 f5 14. Qxg7 Rg8 15.
Qe5 Qa7 16. Qf6 O-O-O 17. Rae1 Rdf8 18. Qh6 Bd4 19. Qh4 Rf7 20. Re2 Qb7 21. Qe1
Rfg7 22. g3 h5 23. Nd1 h4 24. Kg2 hxg3 25. h4 Bf2 26. Nxf2 gxf2+ 27. Kxf2 Rg2+
28. Ke3 R8g3+ 29. Kd4 Qb6+ 30. Kc3 Qc5+ 31. Kb3 Qc4# 0-1

[Event "59th World Juniors 2022"]
[Site "Cala Gonone ITA"]
[Date "2022.10.20"]
[Round "9.48"]
[White "Raahul, V S"]
[Black "Javornik, Nik"]
[Result "1-0"]
[WhiteTitle "IM"]
[WhiteElo "2333"]
[BlackElo "2064"]
[WhiteFideId "25035525"]
[BlackFideId "14636549"]
[EventDate "2022.10.12"]

1. c4 e5 2. Nc3 Nf6 3. Nf3 Nc6 4. e3 Be7 5. d4 exd4 6. Nxd4 d5 7. Nxc6 bxc6 8.
Be2 O-O 9. O-O Be6 10. Qa4 Nd7 11. Rd1 Nb6 12. Qa5 Qc8 13. c5 Nc4 14. Qa4 Qb7
15. b3 Bf6 16. Rd4 Nb6 17. Qa5 Qc8 18. Rd2 Rd8 19. Bb2 d4 20. Ne4 dxe3 21. Nxf6+
gxf6 22. Rxd8+ Qxd8 23. cxb6 exf2+ 24. Kxf2 axb6 25. Qc3 Ra5 26. Kg1 1-0

[Event "59th World Juniors 2022"]
[Site "Cala Gonone ITA"]
[Date "2022.10.20"]
[Round "9.49"]
[White "Pennica, Andrea"]
[Black "Sitbon, Itay"]
[Result "1-0"]
[WhiteElo "2037"]
[BlackElo "2133"]
[WhiteFideId "2816828"]
[BlackFideId "2820706"]
[EventDate "2022.10.12"]

1. e4 c5 2. Nf3 g6 3. d4 cxd4 4. Nxd4 Bg7 5. Nc3 Nc6 6. Be3 Nf6 7. Bc4 O-O 8.
Bb3 d5 9. exd5 Na5 10. O-O Nxb3 11. Nxb3 b6 12. d6 Bb7 13. dxe7 Qxe7 14. Bd4
Rad8 15. Qd2 Qd7 16. Rad1 Qf5 17. f3 h5 18. Qf2 Rc8 19. Rfe1 Rfe8 20. a4 g5 21.
Rxe8+ Rxe8 22. Nb5 Qd7 23. Rd3 Qe7 24. Re3 Qd7 25. Rxe8+ Nxe8 26. Qd2 a6 27. Na3
Qe6 28. Kf2 g4 29. Qe3 Qc6 30. a5 gxf3 31. gxf3 Bh6 32. Qc3 Qd6 33. Be5 Qe6 34.
axb6 Qxb6+ 35. Qc5 Qd8 36. Qd4 Qc8 37. Nc5 Bc6 38. Nc4 Qf5 39. Ne4 Bf8 40. Ne3
Qg6 41. Nd5 Bxd5 42. Qxd5 Be7 43. c4 Bh4+ 44. Kf1 Qb6 45. Qd7 Ng7 46. Qd4 Qxd4
47. Bxd4 Ne6 48. Bf6 Bxf6 49. Nxf6+ Kf8 50. Nxh5 a5 51. Ke2 Ke7 52. Kd3 Kd6 53.
Nf6 Ke5 54. Ne4 f5 55. Nd2 Nc5+ 56. Kc3 Na4+ 57. Kb3 Nc5+ 58. Ka3 Kf4 59. b4
axb4+ 60. Kxb4 Ne6 61. c5 Ke3 62. c6 Kxd2 63. h4 f4 64. h5 Ke3 65. h6 Kxf3 66.
h7 Kf2 67. h8=Q f3 68. Qh2+ Kf1 69. Qh3+ Kg1 70. Qg4+ Kf2 71. Qxe6 Kg2 72. Qg4+
Kf2 73. c7 Ke3 74. c8=B f2 75. Ba6 Kd2 76. Qe2+ Kc1 77. Kc3 f1=B 78. Qc2# 1-0

[Event "59th World Juniors 2022"]
[Site "Cala Gonone ITA"]
[Date "2022.10.20"]
[Round "9.50"]
[White "Urbani, Gabriel"]
[Black "Tripodi, Enzo"]
[Result "1-0"]
[WhiteElo "2129"]
[BlackElo "2113"]
[WhiteFideId "2830138"]
[BlackFideId "2822674"]
[EventDate "2022.10.12"]

1. e4 c5 2. Nf3 d6 3. d4 cxd4 4. Nxd4 Nf6 5. Nc3 a6 6. Bg5 e6 7. f4 Be7 8. Qf3
Qc7 9. O-O-O Nbd7 10. g4 h6 11. Bxf6 Bxf6 12. h4 Nb6 13. g5 Bxd4 14. Rxd4 Qc5
15. Rd2 Bd7 16. gxh6 Rxh6 17. Rg2 O-O-O 18. Rxg7 f5 19. Bd3 Bc6 20. Qg3 Kb8 21.
Kb1 Nc4 22. Bxc4 Qxc4 23. Rg8 Rh8 24. Rxd8+ Rxd8 25. h5 Bxe4 26. Rd1 Rc8 27. h6
d5 28. h7 d4 29. Qg7 dxc3 30. Qe5+ Ka7 31. h8=Q Rxh8 32. Qxh8 Qe2 33. Qd4+ Ka8
34. Rc1 cxb2 35. Qxb2 Qd2 36. Qe5 Qd5 37. Qxd5 exd5 38. Kb2 b5 39. Kc3 Kb7 40.
Kd4 Kc6 41. c3 a5 42. a3 Bf3 43. Rg1 b4 44. cxb4 axb4 45. axb4 Kb5 46. Rc1 Kxb4
47. Rc5 Be2 48. Rxd5 Bg4 49. Rd8 Kb5 50. Ke5 Kc6 51. Ke6 Kc7 52. Rf8 Bh3 53.
Rxf5 Kd8 54. Kf6 Ke8 55. Rh5 Bg4 56. Rh8+ Kd7 57. f5 Bf3 58. Kg7 Bd5 59. f6 1-0

[Event "59th World Juniors 2022"]
[Site "Cala Gonone ITA"]
[Date "2022.10.20"]
[Round "9.52"]
[White "Dauw, Sterre"]
[Black "Candian, Lorenzo"]
[Result "1-0"]
[WhiteTitle "FM"]
[WhiteElo "2287"]
[BlackElo "2022"]
[WhiteFideId "248886"]
[BlackFideId "2863664"]
[EventDate "2022.10.12"]

1. e4 c5 2. Nf3 Nc6 3. Bb5 e6 4. O-O Nge7 5. c3 a6 6. Ba4 Qc7 7. d4 d5 8. Re1
cxd4 9. exd5 Nxd5 10. Qxd4 Qd7 11. Qg4 b5 12. Bb3 Nf6 13. Qg3 Bb7 14. Rd1 Qc8
15. a4 Be7 16. axb5 axb5 17. Rxa8 Qxa8 18. Na3 Bxa3 19. bxa3 O-O 20. Bc2 Ne7 21.
Nd4 Qa5 22. Nb3 Qa7 23. Bb2 Ne4 24. Qf3 Nd2 25. Qd3 Ne4 26. Qe2 f5 27. Rd7 Ng6
28. c4 e5 29. cxb5 Qa8 30. Bxe4 Bxe4 31. Nc5 Nf4 32. Qc4+ Bd5 33. Qxf4 exf4 34.
Rxg7+ Kh8 35. Rg6+ Rf6 36. Bxf6# 1-0

[Event "59th World Juniors 2022"]
[Site "Cala Gonone ITA"]
[Date "2022.10.20"]
[Round "9.54"]
[White "De Ieso, Lorenzo"]
[Black "Stolyarsky, Yegor"]
[Result "0-1"]
[WhiteElo "1938"]
[BlackElo "1987"]
[WhiteFideId "2894101"]
[BlackFideId "2814595"]
[EventDate "2022.10.12"]

1. e4 e5 2. Nc3 Nf6 3. g3 d5 4. exd5 Nxd5 5. Bg2 Nxc3 6. bxc3 Bc5 7. Ne2 Nc6 8.
O-O O-O 9. Bb2 Bg4 10. h3 Bh5 11. g4 Bg6 12. Ng3 Qh4 13. Kh2 Rad8 14. d3 f5 15.
gxf5 Bxf5 16. Qe2 Rd6 17. Bc1 Rg6 18. Nxf5 Rxf5 19. Qe4 Rxf2 20. Rxf2 Qxf2 21.
d4 Bd6 22. d5 Ne7 23. Bb2 Nf5 24. Rf1 Qg3+ 25. Kh1 Ne3 26. Rg1 Ng4 0-1

[Event "59th World Juniors 2022"]
[Site "Cala Gonone ITA"]
[Date "2022.10.20"]
[Round "9.55"]
[White "Momin Fayzan"]
[Black "Monferrato, Rocco"]
[Result "1/2-1/2"]
[WhiteElo "1974"]
[BlackElo "1563"]
[WhiteFideId "7805225"]
[BlackFideId "3016536"]
[EventDate "2022.10.12"]

1. d4 c5 2. d5 e6 3. e4 exd5 4. exd5 d6 5. c4 g6 6. Nf3 Bg7 7. Bd3 Nf6 8. O-O
O-O 9. h3 a6 10. Nc3 Nbd7 11. Bf4 Qc7 12. Qd2 b6 13. Rfe1 Bb7 14. a4 Rfe8 15.
Bh6 Bh8 16. g4 Rxe1+ 17. Nxe1 Ne5 18. Be2 Re8 19. f4 Ned7 20. Bf3 Re7 21. Nc2
Bc8 22. Kg2 Nf8 23. Ne3 Qd8 24. Nf1 Qe8 25. Ng3 Bd7 26. Be2 Qc8 27. Rh1 Bg7 28.
Bg5 h6 29. Bh4 N8h7 30. Bd3 Qe8 31. g5 hxg5 32. fxg5 Nh5 33. Nxh5 gxh5 34. g6
Nf6 35. Rf1 Re3 36. gxf7+ Kxf7 37. Bf5 Bxf5 38. Rxf5 Rxc3 39. Qxc3 Qe4+ 40. Qf3
Qxh4 1/2-1/2

[Event "59th World Juniors 2022"]
[Site "Cala Gonone ITA"]
[Date "2022.10.20"]
[Round "9.56"]
[White "Ahmed Younes Alkhemeiri"]
[Black "Vairo, Rocco Enrico"]
[Result "0-1"]
[WhiteElo "1139"]
[BlackElo "1960"]
[WhiteFideId "9324585"]
[BlackFideId "2839437"]
[EventDate "2022.10.12"]

1. e4 c5 2. Nf3 Nc6 3. Bb5 g6 4. O-O Bg7 5. c3 Nf6 6. Re1 O-O 7. d4 d5 8. e5 Ne4
9. Bxc6 bxc6 10. Be3 Qb6 11. Qc1 Rb8 12. b3 cxd4 13. cxd4 Ba6 14. Nfd2 f5 15.
Nc3 Nxc3 0-1

[Event "59th World Juniors 2022"]
[Site "Cala Gonone ITA"]
[Date "2022.10.20"]
[Round "9.57"]
[White "Liloni, Francesco Mattia"]
[Black "Ghaith Saeed Alnuaimi"]
[Result "1-0"]
[WhiteElo "1876"]
[BlackElo "1269"]
[WhiteFideId "2872264"]
[BlackFideId "9309152"]
[EventDate "2022.10.12"]

1. e4 c6 2. Nc3 d5 3. Nf3 dxe4 4. Nxe4 Nf6 5. Qe2 Nxe4 6. Qxe4 Nd7 7. Bc4 Nf6 8.
Ne5 e6 9. Qe2 b5 10. Bb3 Qc7 11. O-O Bd6 12. d4 O-O 13. Bf4 Bb7 14. Rae1 a5 15.
c3 c5 16. Bg3 c4 17. Bc2 Bd5 18. Bh4 Be7 19. f4 b4 20. f5 Ra6 21. g4 h6 22. Bg3
Bd6 23. Qe3 Qd8 24. h4 Bxe5 25. Bxe5 Nxg4 26. Qg3 Nxe5 27. f6 Ng6 28. h5 Qb8 29.
Re5 gxf6 30. hxg6 fxe5 31. gxf7+ Kh8 32. Rf6 1-0

[Event "59th World Juniors 2022"]
[Site "Cala Gonone ITA"]
[Date "2022.10.20"]
[Round "9.58"]
[White "Abdulla Younes Alkhemeiri"]
[Black "Salem Muhsan Shuaib"]
[Result "0-1"]
[WhiteElo "1405"]
[BlackElo "1227"]
[WhiteFideId "9324577"]
[BlackFideId "9325824"]
[EventDate "2022.10.12"]

1. d4 d5 2. c4 e6 3. g3 Nf6 4. Bg2 Bb4+ 5. Bd2 Be7 6. Nc3 O-O 7. cxd5 exd5 8.
Qb3 c6 9. Nf3 Nbd7 10. e3 Nb6 11. O-O Re8 12. Qc2 Bd6 13. Na4 Nxa4 14. Qxa4 Bf5
15. Qb3 Qd7 16. Bb4 Bc7 17. Bc5 a6 18. Rac1 Ne4 19. Bb4 Bh3 20. Rfe1 Bxg2 21.
Kxg2 Re6 22. h4 Rg6 23. Ne5 Bxe5 24. dxe5 Qf5 25. Rf1 Qxe5 26. Be1 Qe7 27. Rh1
Rd8 28. f3 Nd6 29. Bb4 Qc7 30. Bxd6 Qxd6 31. f4 Qe7 32. Rce1 Re6 33. Kf3 Re8 34.
Qd3 Re4 35. Re2 d4 36. Rhe1 Rxe3+ 37. Rxe3 Qxe3+ 38. Rxe3 Rxe3+ 39. Qxe3 dxe3
40. Kxe3 f6 41. Kd4 b6 42. a4 a5 43. Ke4 Kf7 44. f5 Ke7 45. g4 h6 46. b3 b5 47.
Kd4 Kd6 48. h5 c5+ 49. Ke4 b4 50. Ke3 Ke5 51. Kd3 Kd5 52. Kd2 Kd4 53. Kc2 c4 54.
Kb2 c3+ 55. Kc2 Ke4 56. Kc1 Kf4 0-1

[Event "59th World Juniors 2022"]
[Site "Cala Gonone ITA"]
[Date "2022.10.20"]
[Round "9.59"]
[White "Porcu, Riccardo"]
[Black "Persico, Lorenzo"]
[Result "1/2-1/2"]
[WhiteElo "1759"]
[BlackElo "2007"]
[WhiteFideId "28536690"]
[BlackFideId "899240"]
[EventDate "2022.10.12"]

1. e4 c5 2. Nf3 Nc6 3. d4 cxd4 4. Nxd4 Nf6 5. Nc3 e5 6. Ndb5 d6 7. Bg5 a6 8. Na3
b5 9. Bxf6 gxf6 10. Nd5 Bg7 11. Bd3 O-O 12. Qh5 Ne7 13. Nxe7+ Qxe7 14. O-O f5
15. exf5 e4 16. Rae1 d5 17. c3 b4 18. Nb1 Qf6 19. Bc2 Bxf5 20. f3 Bg6 21. Qxd5
Qb6+ 22. Kh1 exf3 23. Bxg6 fxg2+ 24. Kxg2 Qxg6+ 25. Kh1 Rad8 26. Qe4 bxc3 27.
Nxc3 Rd2 28. Rg1 Qxe4+ 29. Rxe4 Kh8 30. Rg2 Rd3 31. Rg3 Rd2 32. Rg2 Rd6 33. Re7
Bd4 34. Rge2 Rg8 35. Re8 Rg6 36. Rxg8+ Kxg8 37. h3 Rg3 38. Rg2 Rxg2 39. Kxg2 Kg7
40. Na4 Kf6 41. Kf3 Ke5 42. b3 Kd5 43. Kf4 Kc6 44. Ke4 Bg7 45. Kf5 Kb5 46. a3
Bh8 47. h4 Bd4 48. h5 Bg7 49. Ke4 Kc6 50. Kd3 Kd5 51. Nb6+ Ke6 52. Ke4 f5+ 53.
Kf3 Bd4 54. Na4 a5 55. b4 axb4 56. axb4 Kf6 57. b5 Kg5 58. b6 Kxh5 59. b7 Be5
60. Nc5 1/2-1/2

[Event "59th World Juniors 2022"]
[Site "Cala Gonone ITA"]
[Date "2022.10.21"]
[Round "10.1"]
[White "Kozak, Adam"]
[Black "Gadimbayli, Abdulla"]
[Result "1/2-1/2"]
[WhiteTitle "GM"]
[BlackTitle "IM"]
[WhiteElo "2516"]
[BlackElo "2499"]
[WhiteFideId "753246"]
[BlackFideId "13404938"]
[EventDate "2022.10.12"]

1. d4 d5 2. Nf3 Nf6 3. c4 dxc4 4. Qa4+ Nc6 5. e3 Nd5 6. Bxc4 Nb6 7. Qb3 Nxc4 8.
Qxc4 e6 9. O-O Bd6 10. Nc3 O-O 11. Rd1 a6 12. e4 b5 13. Qe2 b4 14. Na4 Qe8 15.
e5 Be7 16. b3 Bb7 17. Be3 Na7 18. Ne1 Nb5 19. Nd3 Rd8 20. Nf4 Kh8 21. Rac1 Rd7
22. Qg4 Qa8 23. f3 Qd8 24. Ne2 Rd5 25. Nf4 Rd7 26. Ne2 Rd5 27. Nf4 Rd7 28. Ne2 1/2-1/2

[Event "59th World Juniors 2022"]
[Site "Cala Gonone ITA"]
[Date "2022.10.21"]
[Round "10.2"]
[White "Esipenko, Andrey"]
[Black "Sonis, Francesco"]
[Result "1/2-1/2"]
[WhiteTitle "GM"]
[BlackTitle "GM"]
[WhiteElo "2668"]
[BlackElo "2531"]
[WhiteFideId "24175439"]
[BlackFideId "895733"]
[EventDate "2022.10.12"]

1. c4 e6 2. Nc3 d5 3. d4 c6 4. Nf3 Nf6 5. Qd3 dxc4 6. Qxc4 b5 7. Qd3 Bb7 8. e4
b4 9. Na4 Qa5 10. b3 c5 11. Nxc5 Bxc5 12. dxc5 Bxe4 13. Qb5+ Qxb5 14. Bxb5+ Bc6
15. Nd4 Bxb5 16. Nxb5 Na6 17. a3 O-O 18. axb4 Nxb4 19. O-O a6 20. Nd6 Rfb8 21.
Rd1 Nfd5 22. Bb2 f6 23. Rd2 Nc6 24. Re1 Rxb3 25. Rxe6 Nf4 26. Re3 Rab8 27. Nc4
R3b5 28. Re4 Ng6 29. h3 Rxc5 30. Ba3 Rcb5 31. Re6 Nge5 32. Nxe5 Nxe5 33. Rxa6
Nc4 1/2-1/2

[Event "59th World Juniors 2022"]
[Site "Cala Gonone ITA"]
[Date "2022.10.21"]
[Round "10.3"]
[White "Kacharava, Nikolozi"]
[Black "Mendonca, Leon Luke"]
[Result "1/2-1/2"]
[WhiteTitle "IM"]
[BlackTitle "GM"]
[WhiteElo "2512"]
[BlackElo "2558"]
[WhiteFideId "13611860"]
[BlackFideId "35028561"]
[EventDate "2022.10.12"]

1. e4 c5 2. Nf3 d6 3. d4 cxd4 4. Nxd4 Nf6 5. Nc3 a6 6. Rg1 h5 7. Be3 e6 8. h3 b5
9. a3 Bb7 10. Bd3 e5 11. Nb3 h4 12. Qd2 Nbd7 13. f4 Be7 14. O-O-O Rc8 15. Kb1
Qc7 16. Qf2 Nc5 17. Nxc5 dxc5 18. fxe5 Qxe5 19. Bf4 Qe6 20. e5 Nd5 21. Nxd5 Bxd5
22. Bg5 Bxg5 23. Bf5 Be3 24. Bxe6 Bxf2 25. Bxc8 Bxg1 26. Rxd5 Rh6 27. e6 b4 28.
axb4 cxb4 29. exf7+ Kxf7 30. Ra5 Rg6 31. Bb7 Ke7 32. Ka2 Kd7 33. Kb3 Kc7 34. Be4
Rb6 35. Rh5 Rh6 36. Rd5 Rd6 37. Rxd6 Kxd6 38. Kxb4 Bb6 39. Bb7 a5+ 40. Kb5 Bc7
41. Bf3 Kd7 42. Bg4+ Kd8 43. b3 Ke7 44. c4 Kd8 45. Kc6 Bf4 46. Kb6 Bc7+ 47. Kb5
Ke7 48. c5 Kd8 49. Kc6 Bf4 50. Bf5 Bg3 1/2-1/2

[Event "59th World Juniors 2022"]
[Site "Cala Gonone ITA"]
[Date "2022.10.21"]
[Round "10.4"]
[White "Zhu, Jiner"]
[Black "Nesterov, Arseniy"]
[Result "0-1"]
[WhiteTitle "WGM"]
[BlackTitle "GM"]
[WhiteElo "2484"]
[BlackElo "2567"]
[WhiteFideId "8608059"]
[BlackFideId "24198455"]
[EventDate "2022.10.12"]

1. e4 e5 2. Nf3 Nc6 3. Bb5 a6 4. Ba4 Nf6 5. O-O b5 6. Bb3 Bb7 7. d3 Bc5 8. a4 d6
9. axb5 axb5 10. Rxa8 Bxa8 11. Nc3 Na5 12. Nxb5 Nxb3 13. cxb3 O-O 14. Bg5 Bb6
15. Qc1 d5 16. Nxe5 dxe4 17. Ng4 e3 18. Nc3 exf2+ 19. Nxf2 Qxd3 20. Bxf6 gxf6
21. Re1 Qf5 22. Qd2 Kh8 23. Kf1 Bxg2+ 24. Kxg2 Rg8+ 25. Kf1 Bxf2 26. Qxf2 Qh3+
27. Ke2 Rg2 28. Rf1 Rxh2 29. Ne4 Rxf2+ 30. Rxf2 Qxb3 31. Nxf6 Qxb2+ 32. Kf1 Qb1+
33. Kg2 c5 34. Kh2 Qe1 0-1

[Event "59th World Juniors 2022"]
[Site "Cala Gonone ITA"]
[Date "2022.10.21"]
[Round "10.6"]
[White "Petkov, Momchil"]
[Black "Ivic, Velimir"]
[Result "1-0"]
[WhiteTitle "GM"]
[BlackTitle "GM"]
[WhiteElo "2511"]
[BlackElo "2553"]
[WhiteFideId "2921642"]
[BlackFideId "950122"]
[EventDate "2022.10.12"]

1. d4 Nf6 2. c4 g6 3. Nc3 d5 4. Nf3 Bg7 5. e3 O-O 6. cxd5 Nxd5 7. Bc4 Nxc3 8.
bxc3 c5 9. O-O Qc7 10. Qe2 Nc6 11. Ba3 b6 12. Rad1 Na5 13. Bd3 Bb7 14. h4 e6 15.
Ng5 Rfd8 16. h5 Rd5 17. f4 h6 18. e4 Rdd8 19. Nf3 cxd4 20. hxg6 dxc3 21. Ne5 f6
22. Nf7 Rd4 23. Qg4 f5 24. exf5 c2 25. f6 Bxf6 26. Qxe6 Kg7 27. Qh3 Qxf4 28. Bc1
Bxg2 29. Qxg2 cxd1=Q 30. Bxf4 Qxd3 31. Bxh6+ Kg8 32. Qxa8+ Bd8 33. Ne5 Qg3+ 34.
Qg2 Qxg2+ 35. Kxg2 Be7 36. Rf7 Bd6 37. Rg7+ Kf8 38. Rxa7+ Ke8 39. g7 1-0

[Event "59th World Juniors 2022"]
[Site "Cala Gonone ITA"]
[Date "2022.10.21"]
[Round "10.7"]
[White "Muradli, Mahammad"]
[Black "Parkhov, Yair"]
[Result "1-0"]
[WhiteTitle "GM"]
[BlackTitle "IM"]
[WhiteElo "2550"]
[BlackElo "2484"]
[WhiteFideId "13409301"]
[BlackFideId "2813408"]
[EventDate "2022.10.12"]

1. Nf3 Nf6 2. c4 c5 3. Nc3 e6 4. g3 d5 5. cxd5 exd5 6. d4 Nc6 7. Bg2 cxd4 8.
Nxd4 Bc5 9. Nxc6 bxc6 10. O-O O-O 11. b3 Re8 12. Bb2 Bb6 13. Na4 h5 14. Rc1 Bd7
15. Nc5 Bg4 16. Bf3 Bh3 17. Re1 Ne4 18. Bd4 h4 19. Qc2 Bxc5 20. Bxc5 Re6 21.
Bxe4 dxe4 22. Be3 Qf6 23. Qc5 Bf5 24. Red1 Qg6 25. Kf1 a5 26. Rd4 Qg4 27. Ke1
Bg6 28. Qg5 Qxg5 29. Bxg5 hxg3 30. hxg3 Re5 31. Be3 Bf5 32. Rxc6 Be6 33. Rc3 g5
34. Bd2 Kh7 35. Rc7 Kg6 36. Kd1 Kf5 37. Kc1 Kg4 38. Bc3 Kf5 39. Kb2 Rb5 40. Ka3
e3 41. f3 a4 42. b4 Kg6 43. g4 Rh8 44. Rd3 Rh1 45. Rxe3 Rc1 46. Kb2 Rd1 47. Ra7
Rb6 48. Rxa4 f5 49. gxf5+ Bxf5 50. Ra5 Rc6 51. a4 Rcd6 52. Ree5 Rb1+ 53. Ka2 Rc1
54. Bb2 Rc2 55. Rxf5 Rdd2 56. Rxg5+ Kf7 57. Rg7+ Ke6 58. Ra6+ 1-0

[Event "59th World Juniors 2022"]
[Site "Cala Gonone ITA"]
[Date "2022.10.21"]
[Round "10.8"]
[White "Iniyan, P"]
[Black "Isik, Alparslan"]
[Result "1-0"]
[WhiteTitle "GM"]
[BlackTitle "FM"]
[WhiteElo "2541"]
[BlackElo "2377"]
[WhiteFideId "25002767"]
[BlackFideId "34506896"]
[EventDate "2022.10.12"]

1. d4 Nf6 2. c4 g6 3. f3 Nc6 4. d5 Ne5 5. e4 d6 6. Be3 Bg7 7. Ne2 O-O 8. Nec3 e6
9. Be2 exd5 10. cxd5 c6 11. O-O cxd5 12. exd5 Re8 13. Qd2 Nh5 14. a4 Bd7 15. Na3
a6 16. a5 f5 17. g3 f4 18. gxf4 Nf7 19. Ne4 Bf5 20. Nc4 Bxe4 21. fxe4 Rxe4 22.
Nb6 Rb8 23. Bf3 Re8 24. Bxh5 gxh5 25. Bd4 Bh6 26. Qg2+ Kf8 27. Qh3 1-0

[Event "59th World Juniors 2022"]
[Site "Cala Gonone ITA"]
[Date "2022.10.21"]
[Round "10.9"]
[White "Budisavljevic, Luka"]
[Black "Stoyanov, Tsvetan"]
[Result "0-1"]
[WhiteTitle "GM"]
[BlackTitle "IM"]
[WhiteElo "2524"]
[BlackElo "2449"]
[WhiteFideId "960047"]
[BlackFideId "2917173"]
[EventDate "2022.10.12"]

1. d4 Nf6 2. c4 e6 3. Nc3 Bb4 4. f3 d5 5. a3 Bxc3+ 6. bxc3 c5 7. cxd5 Nxd5 8.
dxc5 Qa5 9. e4 Nf6 10. Be3 Nc6 11. Kf2 O-O 12. Qb3 a6 13. a4 Nd7 14. Qa3 Nde5
15. g3 f5 16. exf5 Rxf5 17. Kg2 Bd7 18. Be2 Raf8 19. Rd1 Nd8 20. Qb4 Qxb4 21.
cxb4 Bxa4 22. Rd4 Bc6 23. g4 Nxf3 24. Nxf3 Rxf3 25. Bxf3 Bxf3+ 26. Kg1 Nc6 27.
Rd7 Rf7 28. Rd6 Nxb4 29. h3 Bxh1 30. Kxh1 Nc6 31. Rxe6 Re7 32. Rxe7 Nxe7 33. Kg2
Kf7 34. Kf3 Ke6 35. Ke4 Nd5 36. Bd2 Ne7 37. Bc3 g6 38. Kd4 Nc6+ 39. Ke4 a5 40.
Bb2 a4 41. Ba3 Na7 42. h4 Nc6 43. Bb2 Nb4 44. Bc3 Nd5 45. Bb2 Nf6+ 46. Kf4 Nd7
47. Ba3 Ne5 48. h5 Nc4 49. Bb4 gxh5 50. gxh5 a3 51. Kg5 a2 52. Bc3 Kf7 53. Kf5
Ne3+ 54. Ke5 Nc2 55. Kd6 a1=Q 56. Bxa1 Nxa1 57. Kc7 Nb3 0-1